Normal view
MARC view
- الذنيبات ، محمد جمال
Entry Personal Name
001 - CONTROL NUMBER
- control field: 31218
003 - CONTROL NUMBER IDENTIFIER
- control field: JO-AjAnu
005 - DATE AND TIME OF LATEST TRANSACTION
- control field: 20230606075247.0
008 - FIXED-LENGTH DATA ELEMENTS
- fixed length control field: 230606|| aca||aabn | a|a d
040 ## - CATALOGING SOURCE
- Original cataloging agency: JO-AjAnu
- Transcribing agency: JO-AjAnu
100 ## - HEADING--PERSONAL NAME
- Personal name: الذنيبات ، محمد جمال
670 ## - SOURCE DATA FOUND
- Source citation: Work cat.: (JO-AjAnu)16031: الذنيبات ، محمد جمال , author, الوجيز في القانون الإداري : ماهية القانون الإداري ، القرار الإداري ، التنظيم الإداري ، العقود الإدارية ، النشاط الإداري ، الوظيفة العامة ، الأموال العامة